00203 a2200073 4500020001800000100001500018245006500033260003100098 a9789391870454 aPradhan M. aFundamentals Of Artificial Intelligence And Machine Learning bDPS Publishing Housec2024